<?xml version="1.0" encoding="UTF-8"?>
<record
    xmlns:xsi="http://www.w3.org/2001/XMLSchema-instance"
    xsi:schemaLocation="http://www.loc.gov/MARC21/slim http://www.loc.gov/standards/marcxml/schema/MARC21slim.xsd"
    xmlns="http://www.loc.gov/MARC21/slim">

  <leader>01383nam a2200301 a 4500</leader>
  <controlfield tag="001">BRCA_7262</controlfield>
  <controlfield tag="005">20190320205755.0</controlfield>
  <controlfield tag="008">270112s2011----cc-a######---#000-0#eng-#</controlfield>
  <datafield tag="020" ind1=" " ind2=" ">
    <subfield code="a">9781883124328</subfield>
  </datafield>
  <datafield tag="041" ind1=" " ind2=" ">
    <subfield code="a">eng</subfield>
  </datafield>
  <datafield tag="044" ind1=" " ind2=" ">
    <subfield code="a">cc</subfield>
  </datafield>
  <datafield tag="050" ind1=" " ind2="4">
    <subfield code="a">NE1321.8</subfield>
    <subfield code="b">.A78 2011</subfield>
  </datafield>
  <datafield tag="245" ind1="1" ind2="0">
    <subfield code="a">The Artist&#xB4;s touch, the Craftsman&#xB4;s hand</subfield>
    <subfield code="b">three centuries of Japanese prints from the Portland Art Museum</subfield>
    <subfield code="c">Maribeth Graybill, editor ; essays by John T. Carpenter ... [et al.].</subfield>
  </datafield>
  <datafield tag="260" ind1=" " ind2=" ">
    <subfield code="a">China</subfield>
    <subfield code="b">Portland Art Museum</subfield>
    <subfield code="c">2011</subfield>
  </datafield>
  <datafield tag="300" ind1=" " ind2=" ">
    <subfield code="a">348 p.</subfield>
    <subfield code="b">il. a color</subfield>
    <subfield code="c">32 cm.</subfield>
  </datafield>
  <datafield tag="500" ind1=" " ind2=" ">
    <subfield code="a">Incluye lista de obra en japon&#xE9;s, glosario y cronolog&#xED;a de los per&#xED;odos hist&#xF3;ricos japoneses</subfield>
  </datafield>
  <datafield tag="500" ind1=" " ind2=" ">
    <subfield code="a">Cat&#xE1;logo de la exposici&#xF3;n realizada en el Museo de Arte de Portland (Portland, Oregon), 1 octubre, 2011 - 22 enero, 2012</subfield>
  </datafield>
  <datafield tag="500" ind1=" " ind2=" ">
    <subfield code="a">Estado f&#xED;sico: encuadernado, enero 2013</subfield>
  </datafield>
  <datafield tag="504" ind1=" " ind2=" ">
    <subfield code="a">Bibliograf&#xED;a: p. 345-348</subfield>
  </datafield>
  <datafield tag="610" ind1="2" ind2="4">
    <subfield code="a">Portland Art Museum</subfield>
    <subfield code="v">Cat&#xE1;logos</subfield>
    <subfield code="z">Oreg&#xF3;n (Estados Unidos)</subfield>
    <subfield code="9">2222</subfield>
  </datafield>
  <datafield tag="650" ind1="1" ind2="4">
    <subfield code="a">Grabados en color Japoneses</subfield>
    <subfield code="v">Exposiciones</subfield>
    <subfield code="y">Per&#xED;odo Edo, 1600-1868</subfield>
    <subfield code="9">17982</subfield>
  </datafield>
  <datafield tag="650" ind1="1" ind2="4">
    <subfield code="a">Grabados en color Japoneses</subfield>
    <subfield code="v">Exposiciones</subfield>
    <subfield code="y">Per&#xED;odo Meiji, 1868-1912</subfield>
    <subfield code="9">17983</subfield>
  </datafield>
  <datafield tag="650" ind1="1" ind2="4">
    <subfield code="a">Ukiyo-e</subfield>
    <subfield code="v">Exposiciones</subfield>
    <subfield code="9">17984</subfield>
  </datafield>
  <datafield tag="650" ind1="1" ind2="4">
    <subfield code="a">Grabados en color</subfield>
    <subfield code="v">Exposiciones</subfield>
    <subfield code="z">Oregon</subfield>
    <subfield code="9">17985</subfield>
  </datafield>
  <datafield tag="700" ind1="1" ind2=" ">
    <subfield code="a">Graybill, Maribeth</subfield>
    <subfield code="e">ed.</subfield>
    <subfield code="9">17986</subfield>
  </datafield>
  <datafield tag="700" ind1="1" ind2=" ">
    <subfield code="a">Carpenter, John T.</subfield>
    <subfield code="9">17987</subfield>
  </datafield>
  <datafield tag="942" ind1=" " ind2=" ">
    <subfield code="2">lcc</subfield>
    <subfield code="c">B</subfield>
  </datafield>
  <datafield tag="999" ind1=" " ind2=" ">
    <subfield code="c">6942</subfield>
    <subfield code="d">6942</subfield>
  </datafield>
  <datafield tag="952" ind1=" " ind2=" ">
    <subfield code="0">0</subfield>
    <subfield code="1">0</subfield>
    <subfield code="4">0</subfield>
    <subfield code="7">0</subfield>
    <subfield code="a">BRCA</subfield>
    <subfield code="b">BRCA</subfield>
    <subfield code="d">2012-01-27</subfield>
    <subfield code="l">0</subfield>
    <subfield code="o">NE1321.8 .A78 2011</subfield>
    <subfield code="p">02671</subfield>
    <subfield code="r">2019-03-22 00:00:00</subfield>
    <subfield code="w">2019-03-22</subfield>
    <subfield code="y">B</subfield>
  </datafield>
</record>
